Представление документа в формате RUSMARC

ПолеНазваниеЗначение
  Тип записи a
  Библиографический уровень m
001 Контрольный номер cdc22f0dc2b74c3da1dbd773cfbb528a
005 Дата корректировки 20251219142202.1
010 Индекс ISBN __
a ISBN 978-5-6047610-9-0
b Уточнения в пер.
9 Тираж 500 экз.
d Цена 450-00
100 Данные общей обработки __
a Данные общей обработки 20200713d2022 m y0rusy028902 ca
101 Язык документа 0_
a Язык текста rus
102 Страна публикации __
a Страна публикации RU
105 Кодированные данные (монография) __
a Кодированные данные (монография) a z 000ay
181 Поле кодированных данных: вид содержания _0
a Код вида содержания (ISBD) i
181 Поле кодированных данных: вид содержания _0
a Код вида содержания (ISBD) b
182 Поле кодированных данных: тип средства _0
a Код типа средства (ISBD) n
200 Заглавие и сведения об ответственности 1_
a Заглавие Три тайны Самотлора
e Сведения, относящиеся к заглавию северная легенда по мотивам мифов народа ханты
f Первые сведения об ответственности Валерий Михайловский
g Последующие сведения об ответственности иллюстрации - Мухаметова А. Ф.
203 Вид содержания и тип средства __
a Вид содержания Текст
a Вид содержания Изображение
c Тип средства непосредственные
210 Выходные данные 1_
a Место издания Тюмень
c Издательство Красное знамя
d Дата издания 2022
215 Физическое описание __
a Объем 55 с.
c Иллюстрации/тип воспроизводства цв. ил.
d Формат 27 см
330 Аннотация __
a Аннотация Северная легенда создана автором на основе мифологии народа ханты о загадочном озере Самотлор, ставшем символом освоения северных территорий, об озере, давшем название самому плодородному месторождению нефти в России. Северная легенда о Самотлоре - это, по сути, гимн священному озеру, гимн нефтяной столице России - Нижневартовску. Самотлор входит в пятерку величайших месторождений мира. Но это озеро для местных жителей всегда было священным озером, расположенном в самом сердце Земли, озером с родниковой водой, березовым озером. Так переводится "Самотлор" с языка ханты. Вот об этом и повествует легенда. Особый шарм придают книге иллюстрации известного сибирского художника Альфеи Мухаметовой, выполненные в эксклюзивной технике нефтью из самотлорского месторождения
333 Примечание о целевом назначении __
a Примечание о целевом назначении 12+. Для детей старше 12 лет
606 Тематические рубрики __
a Основная рубрика Художественная литература
2 Код системы nlr_sh
606 Тематические рубрики __
2 Код системы nlr_sh
a Основная рубрика Современная русская литература (произведения)
y Географическая подрубрика Нижневартовск
y Географическая подрубрика Самотлор
y Географическая подрубрика Самотлорское месторождение
y Географическая подрубрика РФ
y Географическая подрубрика Российская Федерация
y Географическая подрубрика Россия
y Географическая подрубрика Тюменская область
y Географическая подрубрика Ханты-Мансийский автономный округ - Югра
y Географическая подрубрика ХМАО-Югра
610 Ключевые слова 0_
a Ключевые слова проза
610 Ключевые слова 0_
a Ключевые слова современная проза
610 Ключевые слова 0_
a Ключевые слова краеведение
610 Ключевые слова 0_
a Ключевые слова рассказы
610 Ключевые слова 0_
a Ключевые слова новеллы
610 Ключевые слова 0_
a Ключевые слова мифы
610 Ключевые слова 0_
a Ключевые слова тема Севера
610 Ключевые слова 0_
a Ключевые слова тема озер
610 Ключевые слова 0_
a Ключевые слова детская литература
610 Ключевые слова 0_
a Ключевые слова ханты
610 Ключевые слова 0_
a Ключевые слова хантыйский фольклор
610 Ключевые слова 0_
a Ключевые слова хантыйские мифы
610 Ключевые слова 0_
a Ключевые слова тема хантов
610 Ключевые слова 0_
a Ключевые слова озера
686 Индексы других классификаций __
a Классификационный индекс стК84(2=411.2)6-4
2 Код системы rubbks
700 Автор _1
a Фамилия Михайловский
b Имя В. Л.
f Даты 1953-
g Полное личное имя Валерий Леонидович
4 Код отношения 070
702 Вторичная интеллектуальная ответственность _1
a Фамилия Мухаметова
b Имя А. Ф.
4 Код отношения 440
f Даты 1956-
g Полное личное имя Альфея Фахриттиновна
801 Источник записи _1
a Страна RU
b Организация Муниципальное бюджетное учреждение культуры "Централизованная библиотечная система" г. Сургут (Центральная городская библиотека им. А. С. Пушкина)
c Дата составления 20230515
g Правила каталогизации PSBO
801 Источник записи _2
a Страна RU
b Организация Муниципальное бюджетное учреждение культуры "Централизованная библиотечная система" г. Сургут (Центральная городская библиотека им. А. С. Пушкина)
c Дата составления 20230515
g Правила каталогизации PSBO
852 Данные о местонахождении __
i Авторский знак М 69
j Шифр хранения стК84(2=411.2)6-4
900 Макрообъекты __
a Макрообъекты Три тайны Самотлора. Михайловский, В., 2022
901 Тип документа __
a Ответственный ООФиК/Волкова; КиК/Обаева
t Тип документа m
903 Характеристики (МАРС) __
a Дата передачи 20230515; 20241206
c Наименование библиотеки (МАРС) Муниципальное бюджетное учреждение культуры "Централизованная библиотечная система" г. Сургут (Центральная городская библиотека им. А. С. Пушкина)
969 Тип издания __
a Тип издания издание для детей
990 Данные о заказе (DOS) __
j Количество экземпляров (DOS) 1; 3
t N записи в КСУ для И/У (DOS) 202502; 202305